Export practice and management.
| Main Author: | |
|---|---|
| Format: | Book |
| Published: |
London:
Business Press,
2000.
|
| Edition: | 4th ed.. |
| Subjects: |
| LEADER | 00490cam a2200169 7i4500 | ||
|---|---|---|---|
| 001 | 0000009713 | ||
| 005 | 20010626090000.0 | ||
| 020 | 0 | 0 | |a 1861524730 |
| 090 | 0 | 0 | |a B 658.8 |b BRA |
| 100 | 1 | 0 | |a Branch |
| 245 | 0 | 0 | |a Export practice and management. |
| 250 | 0 | 0 | |a 4th ed.. |
| 260 | 0 | 0 | |a London: |b Business Press, |c 2000. |
| 300 | # | # | |a 514 p. |
| 650 | 0 | 0 | |a Exports -- |x Handbooks manual, etc |
| 650 | 0 | 0 | |a International trade -- |x Handbooks manual, etc |
| 999 | |a B000012158 |b Book |c Book |e Business Information Centre | ||


